|
|
|
|
| LEADER |
01943nam a2200493 a 4500 |
| 001 |
nkc20102092858 |
| 003 |
CZ PrNK |
| 005 |
20120606085608.0 |
| 007 |
ta |
| 008 |
100325s2009 xr ac e f 000 0 cze |
| 015 |
|
|
|a cnb002092858
|
| 020 |
|
|
|a 978-80-254-7511-9
|q (v knize neuvedeno ;
|q brož.) :
|c neprodejné
|
| 035 |
|
|
|a (OCoLC)649800022
|
| 040 |
|
|
|a BOA001
|b cze
|
| 043 |
|
|
|a e-xr---
|b e-xr-ol
|2 czenas
|
| 072 |
|
7 |
|a 615.8
|x Fyzioterapie. Psychoterapie. Alternativní lékařství
|2 Konspekt
|9 14
|
| 080 |
|
|
|a 615.838
|2 MRF
|
| 080 |
|
|
|a 553.7.031.2
|2 MRF
|
| 080 |
|
|
|a (437.325)
|2 MRF
|
| 080 |
|
|
|a (036)
|2 MRF
|
| 100 |
1 |
|
|a Tinzová, Bohumila,
|d 1959-
|7 xx0017184
|4 aut
|
| 245 |
1 |
0 |
|a Stezkou Víly pramene /
|c [text Bohumila Tinzová, Lukáš Abt, Marcel Šos]
|
| 260 |
|
|
|a Jeseník :
|b Město Jeseník :
|b Jesenická rozvojová,
|c 2009
|
| 300 |
|
|
|a 26 s. :
|b il. (některé barev.), portréty ;
|c 10 x 21 cm
|
| 500 |
|
|
|a Název z obálky
|
| 504 |
|
|
|a Obsahuje bibliografii
|
| 650 |
0 |
7 |
|a lázeňství
|7 ph115189
|z Česko
|2 czenas
|
| 650 |
0 |
7 |
|a termální prameny
|7 ph126608
|z Česko
|2 czenas
|
| 650 |
0 |
9 |
|a balneology
|z Czechia
|2 eczenas
|
| 650 |
0 |
9 |
|a thermal springs
|z Czechia
|2 eczenas
|
| 651 |
|
7 |
|a Lázně Jeseník (Jeseník, Česko)
|7 ge129918
|2 czenas
|
| 651 |
|
7 |
|a Jeseník (Česko)
|7 ge128491
|2 czenas
|
| 651 |
|
9 |
|a Lázně Jeseník (Czechia)
|2 eczenas
|
| 651 |
|
9 |
|a Jeseník (Czechia)
|2 eczenas
|
| 655 |
|
7 |
|a informační publikace
|7 fd132454
|2 czenas
|
| 655 |
|
9 |
|a information publications
|2 eczenas
|
| 700 |
1 |
|
|a Abt, Lukáš,
|d 1986-
|7 mzk2007394988
|4 aut
|
| 700 |
1 |
|
|a Šos, Marcel,
|d 1965-
|7 mzk2010569043
|4 aut
|
| 910 |
2 |
|
|a BOA001
|b 2-1237.818
|
| 990 |
|
|
|a BK
|
| 995 |
|
|
|a 01
|
| 991 |
|
|
|b 201004
|c NOV
|
| 996 |
6 |
|
|b 2610431757
|c 2-1237.818
|l MZK
|r Sklad / do 1 hodiny
|n 0
|p p.v.
|w 001117606
|u 000010
|a 1
|e BOA001
|j MZK50
|s P
|
| 996 |
7 |
|
|b 2610512432
|c 2-1237.818
|l MZK
|r Sklad / do 1 hodiny
|n 0
|p dar
|w 001117606
|u 000020
|a 1
|e BOA001
|j MZK50
|s A
|